Normal view
MARC view
Entry Personal Name
001 - CONTROL NUMBER
- control field: 16426
003 - CONTROL NUMBER IDENTIFIER
- control field: dpl
005 - DATE AND TIME OF LATEST TRANSACTION
- control field: 20100823160413.0
008 - FIXED-LENGTH DATA ELEMENTS
- fixed length control field: 100823|||a|||||| | ||| d
040 ## - CATALOGING SOURCE
- Original cataloging agency: dpl
- Transcribing agency: dpl
100 ## - HEADING--PERSONAL NAME
- Personal name: Davis, Mackenzie Leo
- Dates associated with a name: 1941-
670 ## - SOURCE DATA FOUND
- Source citation: Work cat.: (dpl)30949: Davis, Mackenzie Leo 1941-, Introduction to environmental engineering /, 2009
670 ## - SOURCE DATA FOUND
- Source citation: Work cat.: (dpl)30949: Davis, Mackenzie Leo 1941-, Introduction to environmental engineering /, 2009
